| 000 | 01059cam a2200289 4500 | ||
|---|---|---|---|
| 001 | 4076276 | ||
| 005 | 19740603000000.0 | ||
| 008 | 721107s1966 enka jr 001 0 eng | ||
| 010 | _a 71158763 | ||
| 020 | _a0600386619 | ||
| 020 | _a9780600386612 | ||
| 040 |
_aDLC _cDLC _dDLC |
||
| 042 | _alcac | ||
| 050 | 0 | 0 |
_aAG195 _b.L338 |
| 082 | 0 | 0 |
_a081 _222 _bLEO |
| 100 | 1 |
_aLeokum, Arkady. _927614 |
|
| 245 | 1 | 0 |
_aTell Me Why : _bAnswers to Hundreds of Questions Children Ask / _cBy arkady Leokum |
| 260 |
_aLondon : _bHamlyn, 1966 _c1966 |
||
| 300 |
_a391 P. : _bill. (part col.) _c25 cm. |
||
| 520 | _aQuestions and answers about such things as the world around us and how it began, the human body, how other creatures live, and how things are made. | ||
| 650 | 0 |
_aChildren's questions and answers. _927615 |
|
| 650 | 1 |
_aQuestions and answers. _927616 |
|
| 653 |
_bGen _cOctober2011 |
||
| 740 | _aTell me why. | ||
| 942 |
_2ddc _cBB |
||
| 999 |
_c16164 _d16164 |
||